المسيح في الإنجيل والقرآن / (رقم التسجيلة. 130978)

تفاصيل مارك
000 -الفاتح
عناصر البيانات ثابتة الطول 00650cam a2200193 i 4500
005 - تاريخ ووقت آخر معاملة
حقل ضبط 20260118093335.0
008 - عناصر البيانات ثابتة الطول
عناصر البيانات ثابتة الطول 250721s2013 jo gr 000 0 ara d
020 ## - الترقيم الدولي المعياري للكتب (ردمك)
الترقيم الدولي المعياري للكتب (ردمك) 9789957550516
082 14 - رقم تصنيف ديوي العشري
رقم التصنيف 232
رقم المادة ب خ و
100 1# - مدخل رئيسي – اسم شخصي
الاسم الشخصي بخوش، عبد القادر
علاقة الشخص بالعمل/ دوره مؤلف.
245 10 - بيان العنوان
العنوان المسيح في الإنجيل والقرآن /
بيان المسؤولية الدكتور عبد القادر بخوش.
264 31 - بيانات النشر، التوزيع…إلخ
مكان النشر، التوزيع...إلخ عمان :
اسم الناشر، الموزع...إلخ دار الكتاب الثقافي،
تاريخ النشر، التوزيع...إلخ 2013.
300 ## - الوصف المادي
عدد الوحدات المكونة للوعاء 200 صفحة.
650 17 - مدخل إضافي بالموضوع - مصطلح موضوعي
مصطلح موضوعي أو اسم جغرافي كعنصر مدخل المسيح.
650 17 - مدخل إضافي بالموضوع - مصطلح موضوعي
مصطلح موضوعي أو اسم جغرافي كعنصر مدخل الأناجيل.
650 17 - مدخل إضافي بالموضوع - مصطلح موضوعي
مصطلح موضوعي أو اسم جغرافي كعنصر مدخل القرآن الكريم.
942 ## - بيانات إضافية (كوها)
نوع التنصيف Dewey Decimal Classification
نوع المادة (كوها) كتب
المقتنيات
حالة السحب حالة الفقدان مصدر التصنيف حالة التلف غير قابل للإعارة المكتبة الرئيسية المكتبة الحالية موقع الرف تاريخ التزويد الرقم المتسلسل Total Checkouts رقم الإستدعاء الباركود تاريخ آخر ظهور تاريخ الفاتورة نوع المادة (كوها)
    Dewey Decimal Classification     المكتبة المركزية المكتبة المركزية الإعارة 28/07/2025 1589324   232 / ب خ و PLD00313629 28/07/2025 28/07/2025 كتب
    Dewey Decimal Classification     المكتبة المركزية المكتبة المركزية مقتنيات قسم التزويد 28/07/2025 1739155   232/بخو   28/07/2025 28/07/2025 كتب
    Dewey Decimal Classification     مكتبة أبو علندا العامة مكتبة أبو علندا العامة الإعارة 17/01/2015 1589333   232/بخو PLD00314061 28/07/2025 17/01/2015 كتب
    Dewey Decimal Classification     مكتبة أم قصير والمقابلين العامة مكتبة أم قصير والمقابلين العامة الإعارة 17/01/2015 1589331   232/بخو PLD00314059 28/07/2025 17/01/2015 كتب
    Dewey Decimal Classification     مكتبة الجويدة مكتبة الجويدة الإعارة 17/01/2015 1589328   232/بخو PLD00314056 28/07/2025 17/01/2015 كتب
    Dewey Decimal Classification     مكتبة النصر العامة مكتبة النصر العامة الإعارة 17/01/2015 1589330   232/بخو PLD00314058 28/07/2025 17/01/2015 كتب
    Dewey Decimal Classification     مكتبة حمزة العامة مكتبة حمزة العامة الإعارة 17/01/2015 1589329   232/بخو PLD00314057 28/07/2025 17/01/2015 كتب
    Dewey Decimal Classification     مكتبة وادي السير العامة مكتبة وادي السير العامة الإعارة 17/01/2015 1589332   232/بخو PLD00314060 28/07/2025 17/01/2015 كتب
Implemented & Customized by: BBB with SCIT (Smart Chains for Information Technology)

Powered by Koha